Návrh a realizácia fyzického modelu úzkej uličky

Gespeichert in:
Bibliographische Detailangaben
1. Verfasser: Drha, Igor (Verfasst von)
Weitere Verfasser: Bartoň, Martin (Betreuung Doktorarbeit)
Format: Manuskript Buch
Sprache:Slowakisch
Veröffentlicht: 2025
Schlagworte:
Online-Zugang:http://is.stuba.sk/zp/portal_zp.pl?podrobnosti=176695
Tags: Tag hinzufügen
Keine Tags, Fügen Sie das erste Tag hinzu!

MARC

LEADER 00000ntm a22000003a 4500
001 stuzp103761
003 SK-STU
005 20250628210751.4
007 ta
008 150427s2015----xo-----f-mn---000-0-slo-d
040 |a STU  |b slo 
041 0 |a slo 
100 1 |a Drha, Igor  |u 066000  |4 aut  |U MTF Materiálovotechnologická fakulta  |T MTF Ústav aplikovanej informatiky, automatizácie a mechatroniky  |X 121787  |U M6000  |Y 86  |7 121787 
242 0 1 |a Design and implementation of a physical model of a narrow alley  |y eng 
245 1 0 |a Návrh a realizácia fyzického modelu úzkej uličky 
260 |c 2025 
650 4 |a PLC  |2 slo 
650 4 |a riadenie  |2 slo 
650 4 |a úzka ulička  |2 slo 
650 4 |a narrow alley  |2 eng 
650 4 |a PLC  |2 eng 
650 4 |a control  |2 eng 
700 1 |a Bartoň, Martin  |u 066000  |k Z1  |4 ths  |U MTF Materiálovotechnologická fakulta  |T MTF Ústav aplikovanej informatiky, automatizácie a mechatroniky  |X 71659  |U M6000  |Y 86  |7 71659 
856 4 |u http://is.stuba.sk/zp/portal_zp.pl?podrobnosti=176695 
996 |c M* BP-9902  |l MMSKP  |s P  |a 0  |w stuzp103761_0001